000 00779pam a2200241 a 4500
008
020 _a0256088640 (hbk.)
049 _aMAIN
090 _aTK5105.5
_bWAL
100 1 _aWalrand, Jean.
245 1 0 _aCommunication networks :
_ba first course /
_cJean Walrand.
260 _aHomewood, IL :
_bAksen Associates and Irwin,
_cc1991.
300 _axvi, 460 p. :
_bill. (some col.) ;
_c25 cm.
440 4 _aThe Aksen Associates series in electrical and computer engineering
500 _aIncludes index.
504 _aIncludes bibliographical references.
650 0 _aComputer networks.
907 _a.b10359400
_b31-08-15
_c26-08-15
003
005 20230123122142.0
040 _cNUST
942 _cBOOKS
_kTK5105.5
_mWAL
999 _c128703
_d128703